Lawatan ke galeri loji & jentera [ Sungai Lembing - FRIM - Labuan

Bibliographic Details
Corporate Author: Institut Penilaian Negara
Format: Book
Language:Malay
Published: [n.d] , 2010
Subjects:

MARC

LEADER 00000cam a2200000 7i4500
001 0000024040
005 20111222.0
008 110516 my v may
040 |a INS 
090 0 0 |a VCD 236 
245 0 0 |a Lawatan ke galeri loji & jentera [  |h cakera video] :   |b Sungai Lembing - FRIM - Labuan 
260 |a [n.d] ,   |c 2010 
300 |a 1 cakera video (18 min. ) :   |b by., wrn. ;   |c 4 3/4 in. 
650 0 |a Machinery   |x Valuation 
710 1 |a Institut Penilaian Negara 
999 |a VCD0000236   |b VIDEO CD   |c Media Collection   |e Default branch